| 000 | 00376 a2200109 4500 | ||
|---|---|---|---|
| 001 | ART_19163 | ||
| 005 | 20260410161704.0 | ||
| 008 | 260409a | ||
| 245 | 1 | 0 | _aRetención y percepción de ingresos brutos CABA a pequeños contribuyentes del regimen simplificado |
| 100 | 1 | _aSantacruz, Lidia M. | |
| 773 | 0 |
_tRevista Impuestos _g- Nº 13 (jul. 2009) _wREV639 |
|
| 999 |
_c15488 _d15488 |
||